00377nam a2200181Ia 4500003000900000008004100009040001300050040001300063041000800076100002100084245003000105250001000135260001200145260000900157300001100166300001200177490000600189IT-RoPAU120407s9999 xx 000 0 und d aIT-RoPAU cIT-RoPAU aita aGirolamo Moretti aVizio, superbia, avarizia aOsimo aBarulli c1937 a356 p. c19,5 cm v1